Metodika popisu kníh vo formáte Unimarc v systéme Aleph. : Príručka používateľa. Verzia V 1.1. /

Uložené v:
Podrobná bibliografia
Hlavný autor: Janšová, Eleonóra (Adapter)
Médium: Kniha
Jazyk:Slovak
Vydané: Martin : Matica slovenská, 1995
Vydanie:1. vyd.
Edícia:Štandardizačné a metodické materiály Zv. 1.
Témy:
ISBN: 8070903627 (brož.)
Fyzický popis: 101 s.
Tagy: Pridať tag
Žiadne tagy, Buďte prvý kto otaguje tento záznam!

MARC

LEADER 00000nam a2200000 a 4500
001 000037310
003 SVKK
005 19960227000000.0
008 960125s1995 xo e sloo
020 |a 8070903627 (brož.) 
040 |a SVKKK  |b slo  |c SVKKK  |e AACR2 
041 0 |a slo 
044 |a xo  |c SK 
080 |a 025.32:006.72  |2 1997 
080 |a 025.32(035)  |2 1997 
245 0 0 |a Metodika popisu kníh vo formáte Unimarc v systéme Aleph. :  |b Príručka používateľa. Verzia V 1.1. /  |c Sprac. Eleonóra Janšová 
250 |a 1. vyd. 
260 |a Martin :  |b Matica slovenská,  |c 1995 
300 |a 101 s. 
440 0 |a Štandardizačné a metodické materiály  |v Zv. 1. 
653 0 |a UNIMARC (formát výmenný)  |2 SVKKKPH 
653 0 |a popis bibliografický  |2 SVKKKPH 
653 0 |a príručky  |2 SVKKKPH 
655 7 |a príručky  |2 SVKKKPH 
700 1 |a Janšová, Eleonóra  |4 adp 
910 |a svkkk 
919 |a 80-7090-362-7 
974 |a MI  |d 19960919 
974 |a PA  |d 19960910 
974 |a MI  |d 19990616 
998 |a BK 
090 |g SCKHL  |k Sklad Pribinova 3. posch.  |a V.194830  |j 889740  |i 2720865975  |s Povinný výt. 
090 |g SCKHL  |k Sklad Pribinova 3. posch.  |a V.195204  |j 891336  |i 37310-10  |4 Multiplikát  |s Vyradená 
090 |g SCKHL  |k Sklad Pribinova 3. posch.  |a V.195205  |j 891337  |i 37310-30  |4 Multiplikát  |s Vyradená 
090 |g SCKHL  |k Sklad Pribinova 3. posch.  |a V.195206  |j 891338  |i 37310-40  |4 Multiplikát  |s Vyradená 
090 |g SCKHL  |k Sklad Pribinova 3. posch.  |a V.195207  |j 891339  |i 2720431124  |4 Multiplikát  |s Vyradená 
090 |g SCKHL  |k Sklad Pribinova 3. posch.  |a V.195208  |j 891340  |i 37310-60  |4 Multiplikát  |s Vyradená 
090 |g SCKHL  |k Sklad Pribinova 3. posch.  |a V.195209  |j 891341  |i 37310-70  |4 Multiplikát  |s Vyradená 
090 |g SCKHL  |k Sklad Pribinova 3. posch.  |a V.195210  |j 891342  |i 37310-80  |4 Multiplikát  |s Vyradená 
090 |g SCKHL  |k Sklad Pribinova 3. posch.  |a V.195211  |j 891343  |i 37310-90  |4 Multiplikát  |s Vyradená 
090 |g SCKHL  |k Sklad Pribinova 3. posch.  |a V.195212  |j 891344  |i 37310-100  |4 Multiplikát  |s Vyradená 
090 |g SCKHL  |k Sklad Pribinova 3. posch.  |a V.195213  |j 891345  |i 37310-110  |4 Multiplikát  |s Vyradená 
090 |g SCKHL  |k Sklad Pribinova 3. posch.  |a V.196929  |j 898521  |i 2720853745  |s Povinný výt.